Regionalliga Nordost Top 4 - Statistiken

Allgemein
  • Dieses Quiz wurde 199 mal gespielt
    138 seit der letzten Aktualisierung
  • Das Durchschnittsergebnis liegt bei 11 aus 19
Antwortstatistiken
Antwort % Korrekt
FC Energie Cottbus
92%
1. FC Lokomotive Leipzig
83%
FC Carl Zeiss Jena
83%
FC Rot-Weiß Erfurt
80%
1. FC Magdeburg
77%
Chemnitzer FC
77%
FSV Zwickau
77%
BFC Dynamo
73%
BSG Chemie Leipzig
72%
Hertha BSC Berlin II
72%
RasenBallSport Leipzig
68%
FC Viktoria 1889 Berlin
64%
Berliner AK 07
51%
TSG Neustrelitz
39%
VSG Altglienicke
39%
1. FC Union Berlin II
35%
FSV Wacker Nordhausen
28%
RasenBallSport Leipzig II
9%
FSV Union Fürstenwalde
8%
Keine übereinstimmenden Quizze gefunden
Verteilung der Resultate
Anzahl Personen mit jedem Resultat
Perzentil nach korrekt beantworteten Fragen
Ihre Resultats-Entwicklung
Sie haben dieses Quiz seit der letzten Aktualisierung nicht gespielt